Регионална библиотека "Любен Каравелов" - Русе

Изпълнително производство по ГПК и ЗОЗ (Запис номер 186051)

MARC детайли
000 -Лидер
Контролно поле с фиксирана дължина 02099nam a2200433 c 4500
003 - Код на организацията, давaща контролен номер
Контролно поле BLK
005 - Дата и час на последна редакция
Контролно поле 20230708133941.0
008 - Елементи от данни с фиксирана дължина
fixed length control field 180411b bul|||||r ||||||| ||bul||
010 ## - Наследен системен номер
LC control number KNG00195045000
020 ## - Международен стандартен номер на книга ISBN
Международен стандартен номер на книга ISBN 978-954-28-2118-2
040 ## - Източник на каталожния запис
Идентификатор на билиотеката - собственик на записа BLK
041 ## - Код за език
Код за езика на текст/звукозапис или на отделно заглавие Български
Код за езика КДБФ Български
072 #7 - Код за тематичната категория
Код организация bullib
Код за тематична категория Н34
Текст Право Н
080 ## - УДК
Текстов определител УДК Гражданско съдопроизводство. Граждански процес. - Видове гражданско съдопроизводство:арбитражна, опростени процедури за по-дребни случаи, формалности при съдебна процедура, разследване, доказване
УДК код - определител по УДК 347.91/.95
УДК определител (497.2)
УДК - код + определител 347.91/.95(497.2)
100 1# - Редна дума - Автор
Автор Николов, Делян
Авторска отговорност първи автор
R(LIN) 344014
139 ## - Редно поле
Редна дума Николов, Делян и др.
Авторски знак Николо - Н 74
245 10 - Сведения за заглавието
Заглавие Изпълнително производство по ГПК и ЗОЗ
Подзаглавни данни Текст, съдебна практика и авт. коментар
Редно поле (дума) Делян Николов; съавт. Димитър Иванов.
257 ## - Страна на издаване
Страна на създаване/издаване България
260 ## - Област на издателските данни
Име на издателя, разпространителя и проч. Сиела Норма
Година на издаване 2016
Печатница София : Алианс принт
300 ## - Физическа характеристика
Страници 672 с.
Размери/Мащаб 24 см
380 ## - Жанр
Жанр Обществени науки
500 ## - Общи забележки
Забележка Съдържа и за авт.
650 #4 - Допълнително описание по предмет – тема
Основно описание – тема или топоним Изпълнително производство - България
9 (RLIN) 248809
650 #4 - Допълнително описание по предмет – тема
Основно описание – тема или топоним Принудително изпълнение
9 (RLIN) 344015
650 #4 - Допълнително описание по предмет – тема
Основно описание – тема или топоним Граждански процес - България
9 (RLIN) 242945
651 #4 - Допълнително описание по предмет - топоним
Географско понятие България
9 (RLIN) 241624
653 ## - Ключова дума – ненормативна
Ключова дума граждански процес
653 ## - Ключова дума – ненормативна
Ключова дума изпълнително производство
653 ## - Ключова дума – ненормативна
Ключова дума принудително изпълнение
659 ## - Тематичен бюлетин
Тематичен бюлетин Н
700 1# - Други автори (авторска отговорност)
Лично име Иванов, Димитър
Автороска отговорност (Описва отношението между автора и произведението) съавт.
9 (RLIN) 364449
852 ## - Местоположение
Форматна сигнатура Цб 282994
856 4# - Електронен адрес и достъп
Електронен формат pdf - файл
856 4# - Електронен адрес и достъп
Електронен формат pdf - файл
999 ## - СИСТЕМНИ КОНТРОЛНИ НОМЕРА
Koha biblionumber 186051
Koha biblioitemnumber 186051
942 ## - АРТИКУЛИ
Вид на библиотечния материал Книги
Скрит в OPAC Не
Koha issues (borrowed), all copies 9
944 ## - СЪЗДАВАНЕ И РЕДАКЦИЯ на ЗАПИСА
Създаване/Редакция Създаване
Дата на регистрацията/редакция 03.11.2016
Статус, дата на статуса ф /
Служител, извършил регистрацията/редакцията Виолета_Тройчева
944 ## - СЪЗДАВАНЕ И РЕДАКЦИЯ на ЗАПИСА
Създаване/Редакция Редакция
Дата на регистрацията/редакция 14.12.2017
Статус, дата на статуса ф /
Служител, извършил регистрацията/редакцията Людмила_Стоянова
999 ## - СИСТЕМНИ КОНТРОЛНИ НОМЕРА
Koha biblioitemnumber 186051
Наличности
Код за отписване Код за изгубен артикул Код за повреда Коз за рестрикции Код за отдаване Артикулен № Име на библиотеката - собственик Име на библиотеката, в която се намира в момента Статус (Текущо местоположение) Дата на вписване в системата Местоположение - отдел Цена в лева Инвентарен номер Систематично азбучна сигнатура Баркод Номер на екземпляра Цена в евро Служебна бележка Служебен тип на артикула Източник на класификационната схема
  Не е изгубен Не е повреден без рестрикции ползва се в читалня 323380 Регионална библиотека "Любен Каравелов" Русе Регионална библиотека "Любен Каравелов" Русе Читалня 2016-11-03 Читалня 15.92 120000805428 Ч 347/Н 74 120000805428 1 8.14 Дост: Pk Вид: Ф N: 1484 Дата: 01.11.2016 Дата инв: 14.03.2017 Бележки инв: Ч2017 Книги  
  Не е изгубен Не е повреден без рестрикции заемане за дома 323381 Регионална библиотека "Любен Каравелов" Русе Регионална библиотека "Любен Каравелов" Русе Заемна - подръчен фонд 2017-11-30 Заемна - подръчен фонд 19.90 120000817644 П 347/Н 74 120000817644 2 10.17 Дост: DA Вид: А N: 42 Дата: 30.11.2017 Дата инв: 05.02.2018 Бележки инв: П2018 Книги Universal Decimal Classification
Vip Innovations Ltd, Rousse, Bulgaria 2025